000 01484cab a2200253 4500
001 ABS37322
008 090401t1987 xxu||||| |||| 00| 0 eng d
035 _a(Sirsi) u3714
041 _aeng
245 _aGuide-lines for the administration and use of Part II of the Register of Applications for Planning Permission
260 _c1987
350 _a0
490 _aLaw Society`s Gazette
_v84 (1) 7 January 1987, 10-12 (3)
520 _aThe register of applications for planning permission is in two parts; Part I is a register of all planning applications not finally determined. Part II, which is a register of all planning decisions , is the subject of this article. The guidelines concentrate on the statutory requirements which local planning authorities should meet, and advise on the administration of the register. Particular attention is paid to the information which should be contained within Part II, the index for the register, index systems based on plotting sheets and property addresses, summaries of proposed developments for index systems, access to the register and its management and the application of new technology for storing information.
650 _aCOMPUTER APPLICATIONS
650 _aGENERAL DEVELOPMENT ORDER 1977 ART21
650 _aLAW SOCIETY
650 _aRICS
650 _aROYAL TOWN PLANNING INSTITUTE
650 _aTOWN AND COUNTRY PLANNING ACT 1971 S34
690 _aPLANNING LAW AND PRACTICE
942 _n0
948 _c04/03/1997
999 _c2269
_d2269